Statistics for Movie Taglines

Click here to take the quiz!

General Stats

  • This quiz has been taken 25 times
  • The average score is 6 of 15

Answer Stats

HintAnswer% Correct
Who you gonna call?Ghostbusters
89%
In space, no one can hear you screamAlien
79%
He's having the worst day of his life....over and over.....Groundhog Day
79%
An offer you can’t refuseThe Godfather
68%
Chucky gets LuckyBride of Chucky
63%
Five Criminals . One Line Up . No CoincidenceThe Usual Suspects
63%
Check in. Unpack. Relax. Take a shower.Psycho
58%
On the air. UnawareThe Truman Show
37%
The return of the great adventureRaiders of the Lost Ark
32%
50 million people watched, but no one saw a thingQuiz Show
16%
He's the best there is! Actually he's the only one there isAce Ventura: Pet Detective
11%
Oh yes, there will be bloodSaw 2
11%
What one doesn't have, the other is missing.Dumb and Dumber
5%
If at first you don't succeed, lower your standards.Tommy Boy
5%
How many times can you die for love?Dead Again
0%

Score Distribution

Percentile by Number Answered

Percent of People with Each Score

Your Score History

You have not taken this quiz